| 000 | 00592nam a2200193 a 4500 | ||
|---|---|---|---|
| 001 | 1430 | ||
| 003 | BR-CuiBMT | ||
| 005 | 20231210051929.0 | ||
| 008 | 231209s2008 prb 000 0 por d | ||
| 040 |
_aBR-CuiBMT _cBR-CuiBMT |
||
| 080 |
_22007 _a347.991 _x(816.2) |
||
| 090 |
_a347.991(816.2) _bT822h |
||
| 110 | 1 | _aTribunal de Contas do Paraná | |
| 245 | 1 | 0 |
_aHistória e memória : _bTribunal de Contas do Paraná / _cTribunal de Contas do Paraná. |
| 260 |
_aCuritiba : _bTCE-PR, _c2008. |
||
| 300 |
_a220 p. ; _c27 cm |
||
| 650 |
_aTribunal de Contas _zParaná _xHistória |
||
| 942 |
_2udc _cLV |
||
| 999 |
_c1430 _d1430 |
||